Homophone Madness Quiz Stats

 Plays Quiz Updated Jan 4, 2019

Also try: Homophones
Challenge
Share
Tweet
Embed
Score 0/84 Timer 07:00
2 Plays Today
1st Homophone Other Homophones % Correct
theretheir (belonging to them)
97.3%
totoo (also)
94.8%
newknew (understood)
92.8%
threwthrough (via)
92.5%
totwo (2)
91.4%
hihigh (up there)
90.8%
Ieye (sight organ)
88.9%
sightsite (a place)
88.8%
meetmeat (beef)
88.5%
doedo (1st note in diatonic scale)
87.2%
therethey're (they are)
86.8%
noseknows (understands)
86.4%
freesfreeze (go below 0/32)
85.6%
pearpair (two)
84.9%
peakpeek (quick look)
84.4%
teatee (golf ball prop)
83.9%
rightrite (ceremony)
83.2%
pearpare (remove skin)
79.8%
porepour (rain)
78%
rightwrite (transcribe)
77.4%
rappedwrapped (covered in something)
76.4%
blueblew (past tense of blow)
75.9%
bitebyte (8 bits)
74.1%
flewflu (a cold)
73.9%
rainreign (to rule)
73.5%
carrotcarat/karat (gold measure)
73.1%
veinvain (conceited)
71.9%
roadrode (past tense of ride)
71.8%
1st Homophone Other Homophones % Correct
wherewear (to put on)
69.5%
youewe (female sheep)
69.3%
doedough (pizza or cookie)
69%
sentscent (smell)
68.8%
whinedwined (...and dined)
68.2%
orore (crude metal)
67.3%
aidade (fruity drink)
67%
seesseas (bodies of water)
65%
youryou're (you are)
64.9%
I'llaisle (row)
63.5%
oroar (rowing implement)
63.2%
Iaye (yes)
62.7%
addsads (advertisements)
61.2%
airheir (...to the throne)
60%
sentcent (penny)
57.4%
rowroe (fish eggs)
57.3%
aidaide (helper)
57.2%
I'llisle (island)
55%
porepoor (penniless)
52.7%
seesseize (to grab)
52.4%
do ['doo']dew (morning moisture)
52.3%
toadtowed (...a car away)
51.7%
threwthru (abbrev. via)
51.4%
bitebight (coastline)
49.8%
flewflue (heat channel)
49.5%
veinvane (weather vane)
48.9%
do ['doo']due (expected)
48.2%
rightwright (a maker or builder)
48.1%
1st Homophone Other Homophones % Correct
layslaze (loll around)
47.3%
baldballed (played bball)
47.1%
rainrein (horse's bridle)
47.1%
newgnu (wildebeest)
46.2%
rappedrapt (captivated)
44.6%
sightcite (reference a source)
43.6%
youryore (former times)
41.6%
laysleis (floral necklaces)
38%
meetmete (distribute)
37.5%
whereware (merchandise)
36.9%
whinedwind (...a clock)
35.4%
toadtoed (kicked a ball)
30.9%
youyew (fir tree)
30.3%
baldbawled (cried)
30.2%
peakpique (stimulate; irritate)
29.1%
roadrowed (...a boat)
26.3%
freesfrieze (wall hanging)
25.7%
addsadz/adze (axe-like tool)
23.2%
seescees (multiple 3rd letters)
22.7%
hihie (go fast)
21.7%
doed'oh! (Homer Simpson)
21.5%
carrotcaret (this thing ^)
20.2%
airere (before)
19.3%
bluebleu (like the cheese)
18.2%
teati (7th note of diatonic scale)
17.4%
nosenoes (plural of 'no')
17.4%
layslase (to use a laser on)
12.8%
rowrho (17th Greek letter)
12.5%

You're not logged in!

Compare scores with friends on all Sporcle quizzes.
OR
Log In

You Might Also Like...

Show Comments

Extras

Top Quizzes Today


Score Distribution

Your Account Isn't Verified!

In order to create a playlist on Sporcle, you need to verify the email address you used during registration. Go to your Sporcle Settings to finish the process.

Report this User

Report this user for behavior that violates our Community Guidelines.

Details: